Responses for Show #954 - Thursday, October 27, 1988

Contestants

[<< previous game]

Norton Moses, a college professor from Billings, Montana

Cheryl Davis-Plotts, a victims specialist and crisis interventionist originally from Pennsylvania

Bob Chauls, a composer and professor from Westlake Village, California (whose 3-day cash winnings total $36,798)

[next game >>]

Jeopardy! Round responses

PEOPLE
HISTORY
FURNITURE
SPORTS TRIVIA
7-LETTER WORDS
WALL ST.
    $100 6
Jackie Gleason

Bob
    $100 1
red

Cheryl
    $100 26
(Norton: Who is Napoleon III?)
(Cheryl: Who is Napoleon the First?)
(Alex: We've got less than a minute.)

Napoleon

CherylNorton
    $100 11
referee

Bob
    $100 21
scalpel

Cheryl
    $100 16
bear market

Norton
    $200 7
Rob Reiner

Bob
    $200 2
United Nations

Norton
    $200 27
loveseat

Bob
    $200 12
Johnny Unitas

Bob
    $200 22
militia

Bob
    $200 17
New York Stock Exchange

Bob
    $300 8
Basil Rathbone

Norton
    $300 3
Czechoslovakia

Bob
    $300 28
gondola

Bob
    $300 13
Rocky Marciano

Norton
    $300 23
holster

Bob
    $300 18
portfolio

Norton
    $400 9
Peter O'Toole

Cheryl
    $400 4
the Visigoths

Cheryl
    $400 29
China

Bob
    $400 14
Mickey Mantle

Norton
    $400 24
circuit

Bob
    $400 19
junk

Bob
    $500 10
Tom Hanks

Bob
    $500 5
The Domesday Book

Norton
    $500 30
(Bob: Who was Chippendale?)

Duncan Phyfe

BobNorton
    $500 15
(Bob: What is Indiana?)

Kansas

Bob
Triple Stumper
    $1,500 25
(Bob: What is a flounder?)

(holy) halibut

Bob
    $500 20
Ford

Triple Stumper

Scores at the first commercial break (after clue 15):

Bob Cheryl Norton
$900 $900 $1,700

Scores at the end of the Jeopardy! Round:

Bob Cheryl Norton
$1,300 $1,100 $2,500

Double Jeopardy! Round responses

THE CARIBBEAN
SHAKESPEARE
GOVERNMENT & POLITICS
CELEBRITY RELATIVES
LANGUAGES
SALT
    $200 8
(Norton: What are the Bahamas?)

Bermuda

BobNorton
    $200 1
(Bob: What is St. Paul's?)

Westminster Abbey

BobNorton
    $200 2
Mario Cuomo

Bob
    $200 26
[end-of-round signal sounds]

Tallulah Bankhead

Cheryl
    $200 3
(Bob: What is English?)
(Cheryl: What is Italian?)

Spanish

BobCheryl
Triple Stumper
    $200 17
(Bob: What is moisturizing....sticking together?)

caking

Bob
    $1,000 9
(Bob: What are the Windward Islands?)

West Indies

Bob
    $400 18
asp

Bob
    $400 12
Oliver North

Norton
    $400 4
omega

Bob
    $400 22
Judas

Norton
    $600 10
steel drum

Bob
    $600 19
the ides of March

Bob
    $600 13
(Bob: What is Grenada?)

Honduras

Bob
Triple Stumper
    $600 5
Russian ("Pravda")

Triple Stumper
    $600 23
Erie Canal

Bob
    $800 11
the Rastafarians

Norton
    $800 20
Bottom

Cheryl
    $800 14
(Alex: [***] was the other.)

(2 of) Turner, Trudeau & Brian Mulroney

Norton
    $800 6
Suriname

Bob
    $800 24
epsom salts

Cheryl
    $1000 16
Grenadine

Norton
    $1000 21
(Alex: Less than a minute to go.)

Ariel

Bob
    $1000 15
Freedom of Information Act

Bob
    $1000 7
Pakistan

Bob
    $1000 25
Morton

Bob

Scores at the end of the Double Jeopardy! Round:

Bob Cheryl Norton
$7,300 $2,700 $5,900

[wagering suggestions for these scores]

Final Jeopardy! Round responses

WEATHER
CherylWhat is Ari
$2,699
NortonWhat is Nevada?
$5,800
BobWhat is Arizona?
$4,600
Nevada

Final scores:

Bob Cheryl Norton
$2,700 $1 $11,700
2nd place: Broyhill cherry-finished desk & Scott audio system 3rd place: Visitel telephone display New champion: $11,700

Game dynamics:

Coryat scores:

Bob Cheryl Norton
$9,800 $2,700 $5,900
27 R,
7 W
(including 2 DDs)
8 R,
1 W
14 R
(including 1 DD),
2 W

Combined Coryat: $18,400

[game clues] [game scores] [suggest correction]

Game tape date: 1988-09-06
The J! Archive is created by fans, for fans. Scraping, republication, monetization, and malicious use prohibited; this site may use cookies and collect identifying information. See terms. The Jeopardy! game show and all elements thereof, including but not limited to copyright and trademark thereto, are the property of Jeopardy Productions, Inc. and are protected under law. This website is not affiliated with, sponsored by, or operated by Jeopardy Productions, Inc. Join the discussion at JBoard.tv.